000 01053nam a2200289 i 4500
003 EG-GICUC
005 20260121101222.0
008 251115s2004 ua ||||fr|||| 00| 0 ara d
040 _a EG-GICUC
_bara
_c EG-GICUC
_d EG-GICUC
_erda
041 0 _aara
082 0 4 _221
_a345
_bن ب . و
092 0 4 _221
099 _aLaw1 07 345 ن ب . و 2004
100 0 _aنبيلة عبد الحليم كامل
_eمؤلف.
245 1 2 _aالوسيط في القانون الإداري /
_cنبيلة عبد الحليم كامل ؛ جابر جاد ناصر.
264 1 _aالقاهرة :
_bدار النهضة العربية،
_c2004.
300 _a707 ؛ صفحة
_c24 سم
336 _2rda content
_atext
337 _2rda media
_aComputer
338 _2rda carrier
_aOnline Resource
546 _aالنص باللغة العربية
650 1 4 _aالقانون الإداري
700 _aجابر جاد ناصر
_eمؤلف مشارك.
856 4 0 _uhttps://fll.law.cu.edu.eg/fulltext/bks/B07-00456.pdf
905 _a30
942 _2ddc
_cBK
_e21
_n0
999 _c43311
_d43311